Dictionarium locorum ex Bibliis desumptorum, ad omnes articulos fidei et ceremonarium ecclesiae romano-catholicae accommodatorum authore R. D. Joanne de Febure ... in lucem publicam editum dum ... universam theologiam publice propugnaret ... Michael Török praeside Christophoro Görgei [...]

Elmentve itt :
Bibliográfiai részletek
Szerző: Febure Jean de
További közreműködők: Török Mihály
Görgei Kristóf
Dokumentumtípus: Könyv
Megjelent: Typis Academicis [Kassa] Cassoviae 1731
Kulcsszavak:Vallási tanítás - katolikus
Online Access:http://misc.bibl.u-szeged.hu/46028
LEADER 00925nam a2200193 i 4500
001 misc46028
005 20200218115126.0
008 200218s1731 hu o 0|| lat d
040 |a SZTE Miscellanea Repozitórium  |b hun 
041 |a lat 
100 1 |a Febure Jean de 
245 1 0 |a Dictionarium locorum ex Bibliis desumptorum, ad omnes articulos fidei et ceremonarium ecclesiae romano-catholicae accommodatorum authore R. D. Joanne de Febure ... in lucem publicam editum dum ... universam theologiam publice propugnaret ... Michael Török praeside Christophoro Görgei [...]  |h [elektronikus dokumentum] /  |c  Febure Jean de 
260 |a Typis Academicis  |b [Kassa] Cassoviae  |c 1731 
300 |a [12], 102, [28] p.  |c 8o 
561 |a Muzeális dokumentumok 
695 |a Vallási tanítás - katolikus 
700 0 1 |a Török Mihály 
700 0 1 |a Görgei Kristóf 
856 4 0 |u http://misc.bibl.u-szeged.hu/46028/1/ra_5830.pdf  |z Dokumentum-elérés